Hollywood by Hollywood : (Record no. 28020)
[ view plain ]
| 000 -LEADER | |
|---|---|
| fixed length control field | 01566cam a22003495i 4500 |
| 001 - CONTROL NUMBER | |
| control field | 20356502 |
| 003 - CONTROL NUMBER IDENTIFIER | |
| control field | EG-ScBUE |
| 005 - DATE AND TIME OF LATEST TRANSACTION | |
| control field | 20200210103047.0 |
| 008 - FIXED-LENGTH DATA ELEMENTS--GENERAL INFORMATION | |
| fixed length control field | 180213t20192019nyua f bq 001 0 eng d |
| 020 ## - INTERNATIONAL STANDARD BOOK NUMBER | |
| International Standard Book Number | 9780190865771 (pbk. : alk. paper) |
| 040 ## - CATALOGING SOURCE | |
| Original cataloging agency | DLC |
| Language of cataloging | eng |
| Description conventions | rda |
| Transcribing agency | DLC |
| Modifying agency | EG-ScBUE |
| 043 ## - GEOGRAPHIC AREA CODE | |
| Geographic area code | n-us--- |
| 082 04 - DEWEY DECIMAL CLASSIFICATION NUMBER | |
| Classification number | 791.430979493 |
| Item number | COH |
| Edition number | 22 |
| 100 1# - MAIN ENTRY--PERSONAL NAME | |
| Personal name | Cohan, Steven, |
| Dates associated with a name | 1948- |
| Relator term | author. |
| 245 10 - TITLE STATEMENT | |
| Title | Hollywood by Hollywood : |
| Remainder of title | the backstudio picture and the mystique of making movies / |
| Statement of responsibility, etc | Steven Cohan. |
| 264 #1 - PUBLICATION, DISTRIBUTION, ETC. (IMPRINT) | |
| Place of publication, distribution, etc | New York, NY : |
| Name of publisher, distributor, etc | Oxford University Press, |
| Date of publication, distribution, etc | [2019] |
| 264 #4 - PUBLICATION, DISTRIBUTION, ETC. (IMPRINT) | |
| Date of publication, distribution, etc | c2019 |
| 300 ## - PHYSICAL DESCRIPTION | |
| Extent | x, 270 pages : |
| Other physical details | illustrations ; |
| Dimensions | 26 cm |
| 336 ## - CONTENT TYPE | |
| Content type term | text |
| Content type code | txt |
| Source | rdacontent |
| 337 ## - MEDIA TYPE | |
| Media type term | unmediated |
| Media type code | n |
| Source | rdamedia |
| 338 ## - CARRIER TYPE | |
| Carrier type term | volume |
| Carrier type code | nc |
| Source | rdacarrier |
| 504 ## - BIBLIOGRAPHY, ETC. NOTE | |
| Bibliography, etc | Includes filmography. |
| 504 ## - BIBLIOGRAPHY, ETC. NOTE | |
| Bibliography, etc | Includes bibliographical references and index. |
| 505 0# - FORMATTED CONTENTS NOTE | |
| Formatted contents note | Introduction: the backstudio picture -- Self-reflexive Hollywood -- Elusive Hollywood -- Movie-struck Hollywood -- Monstrous Hollywood -- Masculine Hollywood -- Historical Hollywood -- Virtual Hollywood -- Conclusion. |
| 650 #7 - SUBJECT ADDED ENTRY--TOPICAL TERM | |
| Topical term or geographic name as entry element | Motion picture industry in motion pictures. |
| Source of heading or term | EG-ScBUE |
| 650 #7 - SUBJECT ADDED ENTRY--TOPICAL TERM | |
| Topical term or geographic name as entry element | Motion pictures |
| Geographic subdivision | United States |
| General subdivision | History. |
| Source of heading or term | EG-ScBUE |
| 651 #7 - SUBJECT ADDED ENTRY--GEOGRAPHIC NAME | |
| Geographic name | Hollywood (Los Angeles, Calif.) |
| General subdivision | In motion pictures. |
| Source of heading or term | EG-ScBUE |
| 653 ## - INDEX TERM--UNCONTROLLED | |
| Resource For college | Communication and mass media |
| Arrived date list | February2020 |
| 776 08 - ADDITIONAL PHYSICAL FORM ENTRY | |
| Display text | Online version: |
| Main entry heading | Cohan, Steven, 1948- author. |
| Title | Hollywood by Hollywood |
| Place, publisher, and date of publication | New York : Oxford University Press, [2019] |
| International Standard Book Number | 9780190865795 |
| Record control number | (DLC) 2018007709 |
| 942 ## - ADDED ENTRY ELEMENTS (KOHA) | |
| Source of classification or shelving scheme | Dewey Decimal Classification |
| Koha item type | Book - Borrowing |
| Withdrawn status | Lost status | Source of classification or shelving scheme | Damaged status | Not for loan | Collection code | Home library | Current library | Shelving location | Date acquired | Source of acquisition | Cost, normal purchase price | Serial Enumeration / chronology | Total Checkouts | Full call number | Barcode | Date last seen | Cost, replacement price | Price effective from | Koha item type |
|---|---|---|---|---|---|---|---|---|---|---|---|---|---|---|---|---|---|---|---|
| Dewey Decimal Classification | Baccah | Central Library | Central Library | Second Floor | 10/02/2020 | Purchase | 683.00 | 34025 | 791.430979493 COH | 000046725 | 15/07/2025 | 853.75 | 10/02/2020 | Book - Borrowing |